1372 1712 1308 1583 1496 1679 1732 1852 1671 1217 1669 1056 1786 1654 1215 1330 1784 1592 1857 1103 1392 1325 1284 1555 1097 1937 1510 1609 1899 1224 1497 1701 1596 1373 1467 1806 1260 1983 1308 1499 1310 1171 1428 1116 1042 1441 1895 1821 1434 1945 1671 1760 1882 1474 1280 1594 1409 1410 1545 1164 1868 1125 1747 1253 1139 1081 1948 1740 1584 1018 1187 1453 1377 1433 1390 1508 1202 1020 1580 1129 1471 1529 1051 1248 1483 1499 1879 1266 1816 1177 1297 1465 1318 1448 1759 1617 1789 1649 1414 BCNSPRNW ULIB Ver.6.0+V

เปลี่ยนเป็นภาษาไทย

Change to English
 แสดงรายละเอียดบรรณานุกรม
  กลับหน้าหลัก

Brief Record : Get Marc (ISO 2709) : E-mail record : QR code < ปิดหน้าต่าง
LEADER : 00000nam 2200000uu 4500
001    13399126576
003     ULIB
008    181122s2558||||th 000 0 tha d
020    ^a9786162832482
050  4 ^aDS578.32.B4^bก441จ
245 00 ^aจดหมายเหตุเฉลิมพระเกียรติ สมเด็จพระบรมโอรสาธิราช เจ้าฟ้ามหาวชิราลงกรณ สยามมกุฎราชกุมาร เนื่องในโอกาสพระราชพิธีมหามงคลเฉลอมพระชนมพรรษา 5 รอบ 28 กรกฏาคม 2555 ^cกรมศิลปากร กระทรงวัฒนธรรม
260    ^aกรุงเทพฯ :^bกรมศิลปากร กระทรงวัฒนธรรม,^c2558
300    ^a452 หน้า :^bภาพประกอบ (ภาพสีบางภาพ) ;^c27 ซม.
710 2  ^aกรมศิลปากร กระทรงวัฒนธรรม
945    ^p0^l0^i26866
999    ^aกัณชพร จุลอักษร
รายการนี้ยังไม่มีแท็ก
คุณยังไม่ได้ล็อกอิน คุณสามารถมีกิจกรรมร่วมกับเว็บไซต์ได้ แต่ต้องล็อกอินก่อน ::
  ล็อกอิน

รายการสื่อสารสนเทศ

ลำดับที่ ประเภท เลขเรียก/บาร์โค้ด สถานที่ สถานะ
1. การศึกษาทั่วไป
การศึกษาทั่วไป
DS578.32.B4 ก441จ ฉ.1 
  Barcode: 26866
ห้องสมุดวิทยาเขตนครสวรรค์
►หนังสือทั่วไป:l:General Books
บนชั้น

BibComment


ยังไม่เคยถูกคอมเมนท์

คอมเมนท์ทรัพยากรรายการนี้
  คอมเมนท์: จดหมายเหตุเฉลิมพ..


 Copyright 2026. Bcnsprnw @Library